Idea Slovensko spravodaj

Bibliographic Details
Format: Journal
Language:Slovak
PhysicalDescription:3 zv. 21 cm
Published: Bratislava Evanjelická aliancia v Slovenskej republike 1994-1996
ISSN:1335-0811
Subjects:

MARC

LEADER 00000nas a2200000 a 4500
001 vtls012056035
003 SK-MaSNL
005 20260228155924.0
008 210527d19941996xo qr|p 0 b0slo
022 |a 1335-0811 
040 |a SNK  |b slo  |c SNK  |e AACR2 
041 0 |a slo 
044 |a xo  |c SK 
072 7 |a 271/279  |x Kresťanské cirkvi, sekty, denominácie  |2 konspekt 
080 |a 274/278-1/-9  |2 2001 
080 |a 27-736-784/-786  |2 2001 
080 |a 2(051)  |2 2011 
210 0 |a Idea Slov. 
222 0 |a Idea Slovensko 
245 0 0 |a Idea Slovensko  |b spravodaj 
260 |a Bratislava  |b Evanjelická aliancia v Slovenskej republike  |c 1994-1996 
300 |a 3 zv.  |c 21 cm 
310 |a 3x ročne 
362 0 |a Č. 1 (1994)-č. 2 (1996) 
500 |a Reg. číslo: MK SR 1087/94 
650 0 7 |a evanjelické náboženstvo  |2 SNKPH  |9 4015 
650 0 7 |a kresťanské inštitúcie a organizácie  |2 SNKPH  |9 89486 
655 7 |a náboženské časopisy  |2 SNKPH  |9 70790 
910 |a snk 
999 |c 896  |d 896 
952 |0 0  |1 0  |4 0  |7 0  |8 0  |a SNK  |b SNK  |d 2021-05-28  |i snk2021/5926  |l 0  |o snkČSC 4172/1994  |p 17A1433144  |r 2026-02-21 21:29:33  |t č. 1-3 + 1 príl.  |w 2026-02-21  |y PREZ  |z Príloha: Aliančný modlitebný týždeň 8.-15. januára 1995 (v č. 3) 
952 |0 0  |1 0  |4 0  |7 0  |8 0  |a SNK  |b SNK  |d 2021-05-28  |i snk2021/5927  |l 0  |o snkČSC 4172/1994 D1  |p 17A1433143  |r 2026-02-21 21:29:33  |t č. 1-3 + 1 príl.  |w 2026-02-21  |y PREZ  |z Prílohy: Aliančný modlitebný týždeň 8.-15. januára 1995 (v č. 3) 
952 |0 0  |1 0  |4 0  |7 0  |8 0  |a SNK  |b SNK  |d 2021-05-28  |i snk2021/5928  |l 0  |o snkČSC 4172/1995  |p 17A1433142  |r 2026-02-21 21:29:33  |t č. 1-3 + 1 príl.  |w 2026-02-21  |y PREZ  |z Prílohy: Aliančný modlitebný týždeň 7.-14. januára 1996 (v č. 3) 
952 |0 0  |1 0  |4 0  |7 0  |8 0  |a SNK  |b SNK  |d 2021-05-28  |i snk2021/5930  |l 0  |o snkČSC 4172/1995 D1  |p 17A1433141  |r 2026-02-21 21:29:33  |t č. 1-3 + 1 príl.  |w 2026-02-21  |y PREZ  |z Prílohy: Aliančný modlitebný týždeň 7.-14. januára 1996 (v č. 3) 
952 |0 0  |1 0  |4 0  |7 0  |8 0  |a SNK  |b SNK  |d 2021-05-28  |i snk2021/5934  |l 0  |o snkČSC 4172/1996  |p 17A1433140  |r 2026-02-21 21:29:33  |t č. 1-2 + 1 mim. č.  |w 2026-02-21  |y PREZ  |z Mim. č.: Aliančný modlitebný týždeň 5.-12. januára 1997 
952 |0 0  |1 0  |4 0  |7 0  |8 0  |a SNK  |b SNK  |d 2021-05-28  |i snk2021/5936  |l 0  |o snkČSC 4172/1996 D1  |p 17A1433139  |r 2026-02-21 21:29:33  |t č. 1-2 + 1 mim. č.  |w 2026-02-21  |y PREZ  |z Mim. č.: Aliančný modlitebný týždeň 5.-12. januára 1997